000 00492cam a2200157 4500500
005 20260405001353.0
041 _afre
042 _adc
100 1 0 _aDuru, Martin
_eauthor
245 0 0 _aLa Rochefoucauld et l’amour-propre
260 _c2012.
500 _a83
690 _aAmour-propre
786 0 _nPhilosophie magazine | 64 | 11 | 2012-11-01 | p. 42-42 | 1951-1787
856 4 1 _uhttps://shs.cairn.info/magazine-philosophie-magazine-2012-11-page-42?lang=fr&redirect-ssocas=7080
999 _c2046921
_d2046921